00351nam a2200145Ia 4500008004100000082001300041100001600054245003400070250000800104260002500112300001100137500002400148650001500172700001800187230524s9999 xx 000 0 und d a612bKHU aA.K.Khurana 0aAnatomy and Physiology of Eye a1ST aNEW DELHIbCBSc2003 aIX;461 aQuantity Number: 1 aBiomedical a Indu Khurana